LDR 00580naa#a2200157#i#450# 001 EN\\bibl\120750 005 20260426130400.7 011 ## _a2782-5256 100 ## _a20260420b2026####ek#y0engy0150####ca 102 ## _aRU 200 1# _aThe idea of objective truth in criminal proceedings: legal archaeology and the threat of conceptual recidivism _eJournal article 210 1# _aMoscow _cMoscow University of the Ministry of Internal Affairs of Russia named after V.Ya. Kikot _d2026 215 ## _a3 с. 608 ## _aJournal article _2local 700 #1 _aAminov _gDavid Isakovich 856 4# _amosumvd.editorum.ru _u